000 00767nas a2200241 4500
001 BR0703877
003 BR-BrBNA
005 20231205110922.0
007 ta
008 230509b bl.|||p| |||| 00| 00por d
040 _aBR-BrBNA
_bpor
_cBiblioteca Nacional de Agricultura
041 _a(Pt)
072 _aF30; P33
100 1 _aJaeger, P.
100 1 _aCarvalho, D. de
245 1 _aRelação das estimativas genéticas de populações de Xylopia emarginata Mart. com características químicas do solo
650 _aPINDAIBA
650 _aVARIAÇÃO GENÉTICA
650 _aQUÍMICA DO SOLO
773 0 _tCerne (Brazil)
_xISSN 0104-7760
_g(Apr-Jun 2007), V. 13(2) p. 200-207
_wBR0703877
909 _a202311
_bLúcia
_c55
_dLúcia Elande
942 _2AGRIS
_n0
_cANA
999 _c189766
_d189766